| 000 | 00750cab a2200229 4500 | ||
|---|---|---|---|
| 001 | ABS39473 | ||
| 008 | 090401t1988 xxu||||| |||| 00| 0 eng d | ||
| 035 | _a(Sirsi) u17015 | ||
| 041 | _aeng | ||
| 110 |
_aAnthony Williams and Partners _93 |
||
| 245 | _aTowngate Theatre, Basildon | ||
| 260 | _c1988 | ||
| 350 | _a0 | ||
| 490 |
_aBuilding _v253(7555) 8 July 1988, 43-50(8) |
||
| 520 | _aBuilding dossier on Basildon `s Towngate Theatre . Includes a cost commentary, reports from the architect, contractor and user and an elemental cost analysis. Photos, plans. | ||
| 650 | _aBUILT ENVIRONMENT-BUILDING COSTS | ||
| 650 | _aESSEX | ||
| 650 | _aLEISURE | ||
| 690 | _aBUILDING AND CONSTRUCTION-PROJECTS | ||
| 942 | _n0 | ||
| 948 | _c04/03/1997 | ||
| 999 |
_c11273 _d11273 |
||